00398nam a2200157Ia 45000010006000000050017000060080041000230410008000640820020000721000032000922450063001242600009001873000028001966500008002246540008002322543120260414151149.0260414t1990||||xx |||||||||||||| ||spa|| aESP a346.5bR91 1989 aRubio Correal, MarcialeAUT 0aLa invalidez del acto jurídico :bnulidad y anulabilidad c1990 a139 páginas :c20 cm. aDER aCDE